Una filosofía de la fotografía
Furkejuvvon:
| Váldodahkki: | |
|---|---|
| Materiálatiipa: | Girji |
| Giella: | espánnjágiella |
| Almmustuhtton: |
Madrid
Síntesis
2007
|
| Ráidu: | El Espíritu y la Letra, 5
|
| Fáttát: | |
| Fáddágilkorat: |
Lasit fáddágilkoriid
Eai fáddágilkorat, Lasit vuosttaš fáddágilkora!
|
MARC
| LEADER | 00000cam a2200000 a 4500 | ||
|---|---|---|---|
| 001 | UCH9945 | ||
| 003 | CL-VaPUC | ||
| 008 | 100304e20070000SP |||||||||||||||||spa|d | ||
| 020 | |a 9788477389286 | ||
| 082 | 0 | 4 | |a 770.1 |b FLU |2 21 |
| 100 | |a Flusser, Vilém |e autor |9 547265 | ||
| 245 | 1 | 4 | |a Una filosofía de la fotografía |
| 300 | |a 191 p | ||
| 942 | |c BK | ||
| 945 | |d 20100304 00:00:00 |a cmena | ||
| 260 | |a Madrid |b Síntesis |c 2007 | ||
| 650 | 0 | |a Fotografía |9 268495 | |
| 650 | 0 | |a Estética |9 264950 | |
| 650 | 0 | |a Filosofía del arte |9 264951 | |
| 583 | |a last modification |c 20120930 10:49:32 |k Rodrigo Vera | ||
| 490 | 0 | |a El Espíritu y la Letra, 5 | |
| 999 | |c 339767 |d 339765 | ||
| 952 | |0 0 |1 0 |4 0 |6 770_100000000000000_FLU_2007 |7 0 |8 A |9 433613 |a BIBART |b BIBART |d 2019-11-22 |i 464414K |o 770.1 FLU 2007 |p 464414K |r 2025-03-13 |w 2019-11-22 |y BK |k ART | ||
| 952 | |0 0 |1 0 |4 0 |6 770_100000000000000_FLU_2007 |7 0 |8 A |9 433614 |a BIBARQ |b BIBARQ |d 2019-11-22 |i 4867718 |l 3 |o 770.1 FLU 2007 |p 4867718 |r 2025-01-20 |s 2024-10-21 |w 2019-11-22 |y BK |k ARQ | ||